[Event "Stay Safe Play from Home 160"]
[Site "T#646201Emanuel Laske"]
[Date "2020.05.20"]
[Round "3"]
[White "SecantFX"]
[Black "Weltszmerc"]
[Result "0-1"]
[WhiteElo "1963"]
[BlackElo "1990"]
[PlyCount "106"]
[EventDate "2020.05.20"]
[EventType "swiss (blitz)"]

1. g3 {[%emt 0:00:03]} Nf6 {[%emt 0:00:00]} 2. Bg2 {[%emt 0:00:00]} d5 {[%emt 0:00:01]} 3. f4 {[%emt 0:00:00]} c6 {[%emt 0:00:00]} 4. c3 {[%emt 0:00:00]} Bg4 {[%emt 0:00:00]} 5. Nf3 {[%emt 0:00:00]} Nbd7 {[%emt 0:00:01]} 6. d4 {[%emt 0:00:00]} Bxf3 {[%emt 0:00:01]} 7. Bxf3 {[%emt 0:00:01]} c5 {[%emt 0:00:00]} 8. Nd2 {[%emt 0:00:00]} e6 {[%emt 0:00:01]} 9. e3 {[%emt 0:00:00]} cxd4 {[%emt 0:00:00]} 10. exd4 {[%emt 0:00:00]} Ne4 {[%emt 0:00:00]} 11. Nxe4 {[%emt 0:00:01]} dxe4 {[%emt 0:00:00]} 12. Bxe4 {[%emt 0:00:00]} Qb6 {[%emt 0:00:01]} 13. Qf3 {[%emt 0:00:02]} Rb8 {[%emt 0:00:02]} 14. O-O {[%emt 0:00:01]} Be7 {[%emt 0:00:01]} 15. a4 {[%emt 0:00:01]} Nf6 {[%emt 0:00:01]} 16. Bd3 {[%emt 0:00:02]} Qc6 {[%emt 0:00:01]} 17. Qg2 {[%emt 0:00:03]} Qxg2+ {[%emt 0:00:02]} 18. Kxg2 {[%emt 0:00:00]} O-O {[%emt 0:00:01]} 19. h3 {[%emt 0:00:00]} Nd5 {[%emt 0:00:01]} 20. Bd2 {[%emt 0:00:01]} a5 {[%emt 0:00:01]} 21. Be4 {[%emt 0:00:01]} Rfd8 {[%emt 0:00:02]} 22. Rfe1 {[%emt 0:00:01]} b5 {[%emt 0:00:01]} 23. axb5 {[%emt 0:00:02]} Rxb5 {[%emt 0:00:00]} 24. c4 {[%emt 0:00:01]} Rxb2 {[%emt 0:00:01]} 25. cxd5 {[%emt 0:00:06]} Rxd2+ {[%emt 0:00:01]} 26. Kf3 {[%emt 0:00:01]} exd5 {[%emt 0:00:01]} 27. Bb1 {[%emt 0:00:02]} Bf6 {[%emt 0:00:02]} 28. Ba2 {[%emt 0:00:04]} Rd3+ {[%emt 0:00:03]} 29. Ke2 {[%emt 0:00:02]} Rxg3 {[%emt 0:00:01]} 30. Red1 {[%emt 0:00:01]} Rxh3 {[%emt 0:00:02]} 31. Kf2 {[%emt 0:00:01]} Rh2+ {[%emt 0:00:01]} 32. Kg3 {[%emt 0:00:01]} Rb2 {[%emt 0:00:02]} 33. Kf3 {[%emt 0:00:02]} Rb4 {[%emt 0:00:01]} 34. Rd3 {[%emt 0:00:03]} Rxd4 {[%emt 0:00:02]} 35. Rxd4 {[%emt 0:00:01]} Bxd4 {[%emt 0:00:00]} 36. Rd1 {[%emt 0:00:00]} Bc3 {[%emt 0:00:01]} 37. Rxd5 {[%emt 0:00:00]} Rxd5 {[%emt 0:00:01]} 38. Bxd5 {[%emt 0:00:00]} g6 {[%emt 0:00:01]} 39. Ke4 {[%emt 0:00:01]} Kg7 {[%emt 0:00:00]} 40. Kd3 {[%emt 0:00:00]} Bb4 {[%emt 0:00:01]} 41. Bb3 {[%emt 0:00:01]} f6 {[%emt 0:00:01]} 42. Ke4 {[%emt 0:00:00]} Kh6 {[%emt 0:00:00]} 43. Kf3 {[%emt 0:00:01]} Kh5 {[%emt 0:00:01]} 44. Kg3 {[%emt 0:00:01]} Be1+ {[%emt 0:00:02]} 45. Kf3 {[%emt 0:00:03]} Kh4 {[%emt 0:00:01]} 46. Bd1 {[%emt 0:00:01]} h6 {[%emt 0:00:01]} 47. Ke4 {[%emt 0:00:01]} g5 {[%emt 0:00:01]} 48. f5 {[%emt 0:00:01]} h5 {[%emt 0:00:01]} 49. Kd5 {[%emt 0:00:02]} Bc3 {[%emt 0:00:00]} 50. Ke6 {[%emt 0:00:00]} Be5 {[%emt 0:00:00]} 51. Kf7 {[%emt 0:00:02]} g4 {[%emt 0:00:00]} 52. Kg6 {[%emt 0:00:00]} g3 {[%emt 0:00:00]} 53. Bxh5 {[%emt 0:00:01]} g2 {[%emt 0:00:01] Time (Lag: Av=1.00s, max=1.6s)} 0-1

[Event "Stay Safe Play from Home 160"]
[Site "T#646201Emanuel Laske"]
[Date "2020.05.20"]
[Round "4"]
[White "Karthikchess"]
[Black "Klari64"]
[Result "0-1"]
[WhiteElo "2445"]
[BlackElo "2283"]
[Annotator "NA"]
[PlyCount "126"]
[EventDate "2020.05.20"]
[EventType "swiss (blitz)"]

1. e4 {[%emt 0:00:00]} Nf6 {[%emt 0:00:01]} 2. e5 {[%emt 0:00:01]} Nd5 {[%emt 0:00:01]} 3. d4 {[%emt 0:00:00]} Ne3 {[%emt 0:00:02]} 4. Nf3 {[%emt 0:00:00]} Nxd1 {[%emt 0:00:00]} 5. Kxd1 {[%emt 0:00:01]} d6 {[%emt 0:00:01]} 6. Nbd2 {[%emt 0:00:02]} Nc6 {[%emt 0:00:01]} 7. exd6 {[%emt 0:00:01]} cxd6 {[%emt 0:00:00]} 8. c3 {[%emt 0:00:01]} Bg4 {[%emt 0:00:01]} 9. Bb5 {[%emt 0:00:01]} a6 {[%emt 0:00:01]} 10. Be2 {[%emt 0:00:01]} e5 {[%emt 0:00:01]} 11. Re1 {[%emt 0:00:02]} Be7 {[%emt 0:00:02]} 12. d5 {[%emt 0:00:01]} Nb8 {[%emt 0:00:01]} 13. h3 {[%emt 0:00:01]} Bxf3 {[%emt 0:00:01]} 14. Bxf3 {[%emt 0:00:00]} O-O {[%emt 0:00:00]} 15. Nf1 {[%emt 0:00:03]} Nd7 {[%emt 0:00:00]} 16. Ng3 {[%emt 0:00:01]} Rc8 {[%emt 0:00:00]} 17. Bg4 {[%emt 0:00:01]} g6 {[%emt 0:00:02]} 18. Bh6 {[%emt 0:00:02]} Re8 {[%emt 0:00:02]} 19. Bf3 {[%emt 0:00:01]} f5 {[%emt 0:00:00]} 20. Be2 {[%emt 0:00:01]} Bf8 {[%emt 0:00:00]} 21. Bd2 {[%emt 0:00:02]} Bg7 {[%emt 0:00:01]} 22. f3 {[%emt 0:00:01]} e4 {[%emt 0:00:02]} 23. fxe4 {[%emt 0:00:01]} fxe4 {[%emt 0:00:00]} 24. Bg4 {[%emt 0:00:01]} Qc7 {[%emt 0:00:04]} 25. Nxe4 {[%emt 0:00:02]} Rcd8 {[%emt 0:00:04]} 26. Be6+ {[%emt 0:00:02]} Kh8 {[%emt 0:00:01]} 27. Ng5 {[%emt 0:00:01]} Re7 {[%emt 0:00:04]} 28. Rf1 {[%emt 0:00:02]} Ne5 {[%emt 0:00:02]} 29. Bf4 {[%emt 0:00:01]} h6 {[%emt 0:00:01]} 30. Bxe5 {[%emt 0:00:01]} dxe5 {[%emt 0:00:01]} 31. Nf7+ {[%emt 0:00:01]} Rxf7 {[%emt 0:00:01]} 32. Rxf7 {[%emt 0:00:01]} Qb6 {[%emt 0:00:01]} 33. Kc2 {[%emt 0:00:01]} Rf8 {[%emt 0:00:05]} 34. Raf1 {[%emt 0:00:00]} Rxf7 {[%emt 0:00:01]} 35. Rxf7 {[%emt 0:00:00]} Qe3 {[%emt 0:00:01]} 36. d6 {[%emt 0:00:03]} Qe2+ {[%emt 0:00:00]} 37. Kb3 {[%emt 0:00:00]} Qd2 {[%emt 0:00:00]} 38. d7 {[%emt 0:00:01]} Kh7 {[%emt 0:00:00]} 39. Re7 {[%emt 0:00:01]} h5 {[%emt 0:00:02]} 40. Re8 {[%emt 0:00:01]} Bf6 {[%emt 0:00:00]} 41. Rf8 {[%emt 0:00:01]} Kg7 {[%emt 0:00:02]} 42. Rf7+ {[%emt 0:00:01]} Kh6 {[%emt 0:00:00]} 43. Rxf6 {[%emt 0:00:00]} Qd1+ {[%emt 0:00:00]} 44. Ka3 {[%emt 0:00:01]} e4 {[%emt 0:00:00]} 45. b4 {[%emt 0:00:03]} e3 {[%emt 0:00:01]} 46. Rf8 {[%emt 0:00:01]} Qc1+ {[%emt 0:00:01]} 47. Kb3 {[%emt 0:00:01]} Qd1+ {[%emt 0:00:01]} 48. Ka3 {[%emt 0:00:02]} e2 {[%emt 0:00:00]} 49. Bb3 {[%emt 0:00:01]} Qc1+ {[%emt 0:00:01]} 50. Ka4 {[%emt 0:00:01]} b5+ {[%emt 0:00:01]} 51. Ka5 {[%emt 0:00:00]} e1=Q {[%emt 0:00:00]} 52. d8=Q {[%emt 0:00:01]} Qa3+ {[%emt 0:00:01]} 53. Kb6 {[%emt 0:00:01]} Qe6+ {[%emt 0:00:00]} 54. Bxe6 {[%emt 0:00:01]} Qa5+ {[%emt 0:00:00]} 55. Kxa5 {[%emt 0:00:02]} Kg7 {[%emt 0:00:00]} 56. Rh8 {[%emt 0:00:01]} g5 {[%emt 0:00:02]} 57. Qf8+ {[%emt 0:00:00]} Kg6 {[%emt 0:00:01]} 58. Qg8+ {[%emt 0:00:00]} Kf6 {[%emt 0:00:01]} 59. Rh6+ {[%emt 0:00:00]} Ke5 {[%emt 0:00:00]} 60. Qg6 {[%emt 0:00:00]} Kf4 {[%emt 0:00:00]} 61. Qxg5+ {[%emt 0:00:00] .} Kxg5 {[%emt 0:00:01]} 62. Rxh5+ {[%emt 0:00:00]} Kf4 {[%emt 0:00:00]} 63. Bc8 {[%emt 0:00:00]} Ke3 {[%emt 0:00:00]} 0-1

[Event "Stay Safe Play from Home 160"]
[Site "T#646201Emanuel Laske"]
[Date "2020.05.20"]
[Round "4"]
[White "Eidgenosse"]
[Black "Mepe_Nika"]
[Result "1-0"]
[WhiteElo "2396"]
[BlackElo "2304"]
[PlyCount "81"]
[EventDate "2020.05.20"]
[EventType "swiss (blitz)"]

1. d4 {[%emt 0:00:01]} d5 {[%emt 0:00:01]} 2. Nc3 {[%emt 0:00:00]} Nf6 {[%emt 0:00:03]} 3. Bg5 {[%emt 0:00:00]} Ne4 {[%emt 0:00:01]} 4. Nxe4 {[%emt 0:00:01]} dxe4 {[%emt 0:00:01]} 5. e3 {[%emt 0:00:01]} c5 {[%emt 0:00:03]} 6. c3 {[%emt 0:00:01]} Nc6 {[%emt 0:00:01]} 7. h3 {[%emt 0:00:02]} Bf5 {[%emt 0:00:01]} 8. Ne2 {[%emt 0:00:01]} h6 {[%emt 0:00:01]} 9. Bh4 {[%emt 0:00:01]} g5 {[%emt 0:00:00]} 10. Bg3 {[%emt 0:00:00]} Bg7 {[%emt 0:00:01]} 11. Nc1 {[%emt 0:00:01]} cxd4 {[%emt 0:00:01]} 12. cxd4 {[%emt 0:00:02]} Qb6 {[%emt 0:00:01]} 13. Nb3 {[%emt 0:00:01]} O-O {[%emt 0:00:01]} 14. Be2 {[%emt 0:00:00]} e5 {[%emt 0:00:01]} 15. d5 {[%emt 0:00:02]} Qb4+ {[%emt 0:00:02]} 16. Kf1 {[%emt 0:00:04]} Rfd8 {[%emt 0:00:01]} 17. a3 {[%emt 0:00:02]} Qe7 {[%emt 0:00:03]} 18. Kg1 {[%emt 0:00:03]} Be6 {[%emt 0:00:02]} 19. Bc4 {[%emt 0:00:01]} a6 {[%emt 0:00:02]} 20. Qc2 {[%emt 0:00:01]} b5 {[%emt 0:00:01]} 21. dxe6 {[%emt 0:00:01]} bxc4 {[%emt 0:00:01]} 22. Qxc4 {[%emt 0:00:01]} Qxe6 {[%emt 0:00:01]} 23. Qxe6 {[%emt 0:00:01]} fxe6 {[%emt 0:00:00]} 24. Nc5 {[%emt 0:00:02]} Kf7 {[%emt 0:00:02]} 25. Kh2 {[%emt 0:00:01]} Rab8 {[%emt 0:00:01]} 26. b4 {[%emt 0:00:01]} a5 {[%emt 0:00:01]} 27. bxa5 {[%emt 0:00:04]} Nxa5 {[%emt 0:00:00]} 28. Nxe4 {[%emt 0:00:01]} Nc4 {[%emt 0:00:02]} 29. a4 {[%emt 0:00:01]} Rb2 {[%emt 0:00:01]} 30. Rhb1 {[%emt 0:00:02]} Rdb8 {[%emt 0:00:01]} 31. Rxb2 {[%emt 0:00:01]} Rxb2 {[%emt 0:00:00]} 32. a5 {[%emt 0:00:00]} Rb7 {[%emt 0:00:01]} 33. a6 {[%emt 0:00:00]} Ra7 {[%emt 0:00:01]} 34. Nc3 {[%emt 0:00:00]} Bf8 {[%emt 0:00:02]} 35. Nb5 {[%emt 0:00:01]} Ra8 {[%emt 0:00:01]} 36. a7 {[%emt 0:00:02]} Bc5 {[%emt 0:00:01]} 37. Rc1 {[%emt 0:00:01]} Bxa7 {[%emt 0:00:01]} 38. Rxc4 {[%emt 0:00:01]} Bc5 {[%emt 0:00:01]} 39. Rxc5 {[%emt 0:00:01]} Ra5 {[%emt 0:00:01]} 40. Nd6+ {[%emt 0:00:01]} Ke7 {[%emt 0:00:01]} 41. Rxa5 {[%emt 0:00:01] Mepe_Nika resigns (Lag: Av=0.23s, max=0.4s)} 1-0

[Event "Stay Safe Play from Home 160"]
[Site "T#646201Emanuel Laske"]
[Date "2020.05.20"]
[Round "4"]
[White "Lamborghini"]
[Black "toosieslide"]
[Result "0-1"]
[WhiteElo "2282"]
[BlackElo "2159"]
[PlyCount "96"]
[EventDate "2020.05.20"]
[EventType "swiss (blitz)"]

1. e4 {[%emt 0:00:02]} e5 {[%emt 0:00:02]} 2. Nf3 {[%emt 0:00:01]} Nc6 {[%emt 0:00:01]} 3. Bb5 {[%emt 0:00:02]} a6 {[%emt 0:00:02]} 4. Ba4 {[%emt 0:00:01]} Nf6 {[%emt 0:00:01]} 5. O-O {[%emt 0:00:01]} Be7 {[%emt 0:00:01]} 6. Qe2 {[%emt 0:00:02]} b5 {[%emt 0:00:01]} 7. Bb3 {[%emt 0:00:01]} d6 {[%emt 0:00:00]} 8. c3 {[%emt 0:00:01]} O-O {[%emt 0:00:00]} 9. d4 {[%emt 0:00:02]} Bg4 {[%emt 0:00:04]} 10. Rd1 {[%emt 0:00:01]} exd4 {[%emt 0:00:03]} 11. cxd4 {[%emt 0:00:01]} d5 {[%emt 0:00:00]} 12. e5 {[%emt 0:00:01]} Ne4 {[%emt 0:00:00]} 13. h3 {[%emt 0:00:01]} Bh5 {[%emt 0:00:02]} 14. Be3 {[%emt 0:00:01]} Na5 {[%emt 0:00:04]} 15. Bc2 {[%emt 0:00:02]} Nc4 {[%emt 0:00:01]} 16. Bc1 {[%emt 0:00:05]} f5 {[%emt 0:00:08]} 17. Nc3 {[%emt 0:00:02]} Nxc3 {[%emt 0:00:02]} 18. bxc3 {[%emt 0:00:01]} c6 {[%emt 0:00:00]} 19. a4 {[%emt 0:00:02]} h6 {[%emt 0:00:01]} 20. e6 {[%emt 0:00:05]} Qd6 {[%emt 0:00:04]} 21. Re1 {[%emt 0:00:01]} Rae8 {[%emt 0:00:02]} 22. axb5 {[%emt 0:00:02]} cxb5 {[%emt 0:00:01]} 23. Bd3 {[%emt 0:00:04]} Bd8 {[%emt 0:00:04]} 24. Bxc4 {[%emt 0:00:01]} bxc4 {[%emt 0:00:04]} 25. Qe5 {[%emt 0:00:00]} Qxe5 {[%emt 0:00:03]} 26. Nxe5 {[%emt 0:00:01]} Rxe6 {[%emt 0:00:01]} 27. Ba3 {[%emt 0:00:01]} Rfe8 {[%emt 0:00:00]} 28. Bb4 {[%emt 0:00:01]} Bc7 {[%emt 0:00:00]} 29. f4 {[%emt 0:00:01]} g5 {[%emt 0:00:01]} 30. g3 {[%emt 0:00:01]} gxf4 {[%emt 0:00:00]} 31. gxf4 {[%emt 0:00:01]} Kh7 {[%emt 0:00:00]} 32. Kf2 {[%emt 0:00:01]} Rg8 {[%emt 0:00:00]} 33. Rg1 {[%emt 0:00:01]} Rxg1 {[%emt 0:00:01]} 34. Rxg1 {[%emt 0:00:01]} Bxe5 {[%emt 0:00:00]} 35. dxe5 {[%emt 0:00:02]} Rb6 {[%emt 0:00:02]} 36. Ke3 {[%emt 0:00:01]} d4+ {[%emt 0:00:00]} 37. Kxd4 {[%emt 0:00:01]} a5 {[%emt 0:00:00]} 38. Kc5 {[%emt 0:00:01]} axb4 {[%emt 0:00:01]} 39. Kxb6 {[%emt 0:00:01]} b3 {[%emt 0:00:00]} 40. Rb1 {[%emt 0:00:01]} Be2 {[%emt 0:00:02]} 41. Rb2 {[%emt 0:00:00]} Bd3 {[%emt 0:00:00]} 42. Kc5 {[%emt 0:00:01]} Bc2 {[%emt 0:00:00]} 43. Kd6 {[%emt 0:00:00]} Be4 {[%emt 0:00:00]} 44. e6 {[%emt 0:00:00]} Bd3 {[%emt 0:00:00]} 45. e7 {[%emt 0:00:00]} Kg6 {[%emt 0:00:00]} 46. e8=Q+ {[%emt 0:00:00]} Kg7 {[%emt 0:00:00]} 47. Qe3 {[%emt 0:00:01]} Kg6 {[%emt 0:00:00]} 48. Rd2 {[%emt 0:00:01]} Kf7 {[%emt 0:00:00] Zeit (Lag: Av=0.41s, max=0.8s)} 0-1

[Event "Stay Safe Play from Home 160"]
[Site "T#646201Emanuel Laske"]
[Date "2020.05.20"]
[Round "4"]
[White "Lazieri3"]
[Black "Weltszmerc"]
[Result "0-1"]
[WhiteElo "2117"]
[BlackElo "2006"]
[PlyCount "66"]
[EventDate "2020.05.20"]
[EventType "swiss (blitz)"]

1. e4 {[%emt 0:00:01]} Nf6 {[%emt 0:00:00]} 2. Nc3 {[%emt 0:00:00]} d5 {[%emt 0:00:01]} 3. exd5 {[%emt 0:00:01]} Nxd5 {[%emt 0:00:01]} 4. Nxd5 {[%emt 0:00:00]} Qxd5 {[%emt 0:00:01]} 5. Qf3 {[%emt 0:00:00]} Qxf3 {[%emt 0:00:02]} 6. Nxf3 {[%emt 0:00:00]} Bf5 {[%emt 0:00:01]} 7. c3 {[%emt 0:00:01]} e6 {[%emt 0:00:00]} 8. d4 {[%emt 0:00:00]} c5 {[%emt 0:00:01]} 9. Be3 {[%emt 0:00:01]} Nc6 {[%emt 0:00:01]} 10. Bb5 {[%emt 0:00:03]} Bd6 {[%emt 0:00:01]} 11. dxc5 {[%emt 0:00:02]} Be7 {[%emt 0:00:01]} 12. Ne5 {[%emt 0:00:02]} Rc8 {[%emt 0:00:01]} 13. O-O-O {[%emt 0:00:01]} O-O {[%emt 0:00:01]} 14. h3 {[%emt 0:00:02]} Nxe5 {[%emt 0:00:02]} 15. Bd4 {[%emt 0:00:02]} Nc6 {[%emt 0:00:02]} 16. Be3 {[%emt 0:00:02]} a6 {[%emt 0:00:01]} 17. Bd3 {[%emt 0:00:02]} Bxd3 {[%emt 0:00:01]} 18. Rxd3 {[%emt 0:00:00]} Ne5 {[%emt 0:00:00]} 19. Rd2 {[%emt 0:00:01]} Bxc5 {[%emt 0:00:01]} 20. Bxc5 {[%emt 0:00:02]} Rxc5 {[%emt 0:00:00]} 21. f4 {[%emt 0:00:00]} Nc4 {[%emt 0:00:01]} 22. Rd7 {[%emt 0:00:01]} b5 {[%emt 0:00:01]} 23. Rhd1 {[%emt 0:00:03]} Nb6 {[%emt 0:00:01]} 24. Rb7 {[%emt 0:00:02]} Nd5 {[%emt 0:00:01]} 25. Ra7 {[%emt 0:00:02]} Rc6 {[%emt 0:00:01]} 26. Rd4 {[%emt 0:00:02]} h6 {[%emt 0:00:02]} 27. a4 {[%emt 0:00:02]} Rfc8 {[%emt 0:00:01]} 28. axb5 {[%emt 0:00:02]} axb5 {[%emt 0:00:00]} 29. Kd2 {[%emt 0:00:01]} b4 {[%emt 0:00:01]} 30. cxb4 {[%emt 0:00:01]} Rc2+ {[%emt 0:00:01]} 31. Kd3 {[%emt 0:00:04]} Rxb2 {[%emt 0:00:01]} 32. f5 {[%emt 0:00:03]} Rc3+ {[%emt 0:00:01]} 33. Ke4 {[%emt 0:00:04]} Re3# {[%emt 0:00:00] (Lag: Av=1.13s, max=1.7s)} 0-1

[Event "Stay Safe Play from Home 160"]
[Site "T#646201Emanuel Laske"]
[Date "2020.05.20"]
[Round "4"]
[White "Trotsky"]
[Black "Haxhi Baha"]
[Result "0-1"]
[WhiteElo "1546"]
[BlackElo "1936"]
[PlyCount "48"]
[EventDate "2020.05.20"]
[EventType "swiss (blitz)"]

1. d4 {[%emt 0:00:01]} d5 {[%emt 0:00:01]} 2. e3 {[%emt 0:00:00]} e6 {[%emt 0:00:01]} 3. c4 {[%emt 0:00:01]} c6 {[%emt 0:00:01]} 4. Nc3 {[%emt 0:00:01]} f5 {[%emt 0:00:01]} 5. Nf3 {[%emt 0:00:01]} Nf6 {[%emt 0:00:01]} 6. c5 {[%emt 0:00:00]} Nbd7 {[%emt 0:00:01]} 7. Bd3 {[%emt 0:00:01]} b6 {[%emt 0:00:00]} 8. Qc2 {[%emt 0:00:01]} bxc5 {[%emt 0:00:01]} 9. h4 {[%emt 0:00:03]} c4 {[%emt 0:00:01]} 10. Bxf5 {[%emt 0:00:01]} exf5 {[%emt 0:00:02]} 11. Qxf5 {[%emt 0:00:01]} Bd6 {[%emt 0:00:03]} 12. Bd2 {[%emt 0:00:03]} Qe7 {[%emt 0:00:01]} 13. O-O-O {[%emt 0:00:03]} O-O {[%emt 0:00:00]} 14. Ng5 {[%emt 0:00:01]} Nc5 {[%emt 0:00:06]} 15. Qc2 {[%emt 0:00:03]} Nd3+ {[%emt 0:00:01]} 16. Kb1 {[%emt 0:00:01]} Rb8 {[%emt 0:00:01]} 17. Ka1 {[%emt 0:00:02]} Rxb2 {[%emt 0:00:02]} 18. Qa4 {[%emt 0:00:08]} Bd7 {[%emt 0:00:03]} 19. Rb1 {[%emt 0:00:02]} Rxd2 {[%emt 0:00:02]} 20. e4 {[%emt 0:00:16]} Bb4 {[%emt 0:00:01]} 21. Nxd5 {[%emt 0:00:06]} Nxd5 {[%emt 0:00:02]} 22. exd5 {[%emt 0:00:01]} Bc3+ {[%emt 0:00:02]} 23. Rb2 {[%emt 0:00:02]} Nxb2 {[%emt 0:00:03]} 24. Kb1 {[%emt 0:00:01]} Nxa4 {[%emt 0:00:01] Âðåìÿ (Lag: Av=0.68s, max=0.9s) .} 0-1

[Event "Stay Safe Play from Home 160"]
[Site "T#646201Emanuel Laske"]
[Date "2020.05.20"]
[Round "4"]
[White "UHU4"]
[Black "SecantFX"]
[Result "0-1"]
[WhiteElo "1457"]
[BlackElo "1947"]
[PlyCount "66"]
[EventDate "2020.05.20"]
[EventType "swiss (blitz)"]

1. e4 {[%emt 0:00:01]} d5 {[%emt 0:00:00]} 2. exd5 {[%emt 0:00:02]} Qxd5 {[%emt 0:00:00]} 3. Nc3 {[%emt 0:00:01]} Qa5 {[%emt 0:00:00]} 4. b4 {[%emt 0:00:01]} Qxb4 {[%emt 0:00:01]} 5. Rb1 {[%emt 0:00:01]} Qa5 {[%emt 0:00:00]} 6. Rb5 {[%emt 0:00:01]} Qa6 {[%emt 0:00:04]} 7. Re5 {[%emt 0:00:01]} Qd6 {[%emt 0:00:01]} 8. Nf3 {[%emt 0:00:01]} Nc6 {[%emt 0:00:01]} 9. Rd5 {[%emt 0:00:01]} Qe6+ {[%emt 0:00:02]} 10. Be2 {[%emt 0:00:02]} Nf6 {[%emt 0:00:01]} 11. Rd3 {[%emt 0:00:06]} Nb4 {[%emt 0:00:01]} 12. Re3 {[%emt 0:00:02]} Qc6 {[%emt 0:00:03]} 13. Nd4 {[%emt 0:00:01]} Qb6 {[%emt 0:00:02]} 14. Nb3 {[%emt 0:00:06]} e6 {[%emt 0:00:01]} 15. Na4 {[%emt 0:00:01]} Qd6 {[%emt 0:00:02]} 16. Nbc5 {[%emt 0:00:02]} Nbd5 {[%emt 0:00:01]} 17. Rd3 {[%emt 0:00:01]} b6 {[%emt 0:00:01]} 18. Nb3 {[%emt 0:00:06]} Qe5 {[%emt 0:00:01]} 19. c4 {[%emt 0:00:02]} Nb4 {[%emt 0:00:01]} 20. Bb2 {[%emt 0:00:02]} Nxd3+ {[%emt 0:00:02]} 21. Kf1 {[%emt 0:00:02]} Nxb2 {[%emt 0:00:03]} 22. Nxb2 {[%emt 0:00:02]} Qxb2 {[%emt 0:00:00]} 23. g3 {[%emt 0:00:03]} Qxa2 {[%emt 0:00:01]} 24. Rg1 {[%emt 0:00:00]} Qxb3 {[%emt 0:00:01]} 25. d4 {[%emt 0:00:01]} Qxd1+ {[%emt 0:00:01]} 26. Bxd1 {[%emt 0:00:01]} Bb4 {[%emt 0:00:01]} 27. Kg2 {[%emt 0:00:02]} O-O {[%emt 0:00:01]} 28. Kh3 {[%emt 0:00:00]} Rd8 {[%emt 0:00:01]} 29. Bb3 {[%emt 0:00:03]} Rxd4 {[%emt 0:00:01]} 30. Re1 {[%emt 0:00:01]} Bb7 {[%emt 0:00:01]} 31. g4 {[%emt 0:00:01]} Nxg4 {[%emt 0:00:03]} 32. f3 {[%emt 0:00:01]} Nf2+ {[%emt 0:00:01]} 33. Kg3 {[%emt 0:00:01]} Nd3 {[%emt 0:00:00] Tiempo (Lag: Av=0.51s, max=1.0s) .} 0-1

[Event "Stay Safe Play from Home 160"]
[Site "T#646201Emanuel Laske"]
[Date "2020.05.20"]
[Round "5"]
[White "Klari64"]
[Black "Eidgenosse"]
[Result "1/2-1/2"]
[WhiteElo "2307"]
[BlackElo "2409"]
[Annotator "NA"]
[PlyCount "45"]
[EventDate "2020.05.20"]
[EventType "swiss (blitz)"]

1. b3 {[%emt 0:00:01]} d6 {[%emt 0:00:00]} 2. Bb2 {[%emt 0:00:00]} Nf6 {[%emt 0:00:00]} 3. Nf3 {[%emt 0:00:00]} g6 {[%emt 0:00:00]} 4. e3 {[%emt 0:00:00]} Bg7 {[%emt 0:00:01]} 5. Be2 {[%emt 0:00:00]} O-O {[%emt 0:00:00]} 6. O-O {[%emt 0:00:02]} e5 {[%emt 0:00:00]} 7. d4 {[%emt 0:00:01]} e4 {[%emt 0:00:00]} 8. Nfd2 {[%emt 0:00:01]} Re8 {[%emt 0:00:01]} 9. c4 {[%emt 0:00:00]} Nbd7 {[%emt 0:00:01]} 10. Nc3 {[%emt 0:00:00]} Nf8 {[%emt 0:00:00]} 11. Qc2 {[%emt 0:00:00]} Bf5 {[%emt 0:00:01]} 12. Rfe1 {[%emt 0:00:01]} h5 {[%emt 0:00:00]} 13. Nf1 {[%emt 0:00:01]} h4 {[%emt 0:00:00]} 14. Rad1 {[%emt 0:00:01]} N8h7 {[%emt 0:00:01]} 15. h3 {[%emt 0:00:01]} Ng5 {[%emt 0:00:01]} 16. Nh2 {[%emt 0:00:00]} Qd7 {[%emt 0:00:01]} 17. Bf1 {[%emt 0:00:01]} a6 {[%emt 0:00:01]} 18. Nd5 {[%emt 0:00:01]} Nxd5 {[%emt 0:00:08]} 19. cxd5 {[%emt 0:00:00]} Rac8 {[%emt 0:00:01]} 20. Rc1 {[%emt 0:00:01]} Qe7 {[%emt 0:00:01]} 21. Qd2 {[%emt 0:00:01]} Nh7 {[%emt 0:00:01]} 22. Rc2 {[%emt 0:00:02]} Qg5 {[%emt 0:00:01]} 23. Kh1 {[%emt 0:00:01] Klari64 bietet Remis (Lag: Av=0.31s, max=0.5s)} 1/2-1/2